Three Kingdoms Quiz - Statistics

General Stats
  • This quiz has been taken 134 times
    113 since last reset
  • The average score is 40 of 101
Answer Stats
Hint Kingdom/Allegiance Answer % Correct
Sun Ce and Sun Quan's father, found the jade stamp Wu Sun Jian
92%
Where Cao Cao's ships got on fire Chibi
90%
Strongest warrior but killed two of his fathers and always betraying people Dong Zhuo/None Lu Bu
70%
Strategist who took over Wei and eats chicken Wei Sima Yi
70%
Lu Bu and Guan Yu's horse Shu Chi Tu
65%
Created some love drama between Lu Bu and Dong Zhuo Wang Yun Diao Chan
65%
Cao Cao's strong warrior, got drunk and his weapons got stolen then he died Wei Dian Wei
63%
Sun Quan's brother, conquered a bunch of places but then he died Wu Sun Ce
63%
Red face guy with a beard who is seen at Chinese restaurants Shu Guan Yu
62%
Ate his own eyeball off an arrow Wei Xiahou Dun
62%
Leader of Shu, has big ears and throws babies Shu Liu Bei
60%
The old capital of China Luoyang
60%
Keeps trying to give Xuzhou to Liu Bei until he died None Tao Qian
60%
His mom got captured by Cao Cao so he had to leave Shu/Wei Xu Shu
58%
Leader of Wei, thinks about chicken bones Wei Cao Cao
57%
Creator of Yellow Turbans Rebellion None Zhang Jiao
57%
Location where Cao Cao and Yuan Shao battled Guandu
55%
Tribe guy who got captured by Zhuge Liang seven times Nanman Meng Huo
55%
Sima Yi's son who became the emperor Wei Sima Zhao
55%
Ruler of Wu, longest-living original ruler Wu Sun Quan
55%
Zhou Yu's wife Wu Xiao Qiao
55%
Zhou Yu beat him up as part of the Chibi plan Wu Huang Gai
53%
Got killed by Huang Zhong at Dingjunshan Wei Xiahou Yuan
53%
Keeps getting drunk and creating trouble for Liu Bei Shu Zhang Fei
53%
Cao Cao's son who died when Zhang Xiu attacked Wei Cao Ang
52%
Dong Zhuo's new capital Changan
52%
Young phoenix who is ugly but very smart Shu Pang Tong
52%
Cao Cao's son and became the ruler after he died Wei Cao Pi
50%
Got mad at Zhuge Liang and rebelled after he died Shu Wei Yan
50%
Baby saver with a catchy name Shu Zhao Yun
50%
Smartest guy in three kingdoms, has a feather fan and he can summon the wind too Shu Zhuge Liang
50%
Cool pirate fighter Wu Gan Ning
48%
Took over Zhou Yu's position but keeps getting tricked by Zhuge Liang Wu Lu Su
48%
Sun Quan's general who burned Liu Bei's camp Wu Lu Xun
48%
Zhang Fei's son, fell off the cliff Shu Zhang Bao
48%
Sun Ce's wife Wu Da Qiao
47%
Evil fat guy who took over, everyone hates him None Dong Zhuo
47%
Guan Yu's adopted son who died with him Shu Guan Ping
47%
Liu Bei's dumb son who got thrown when he was a baby Shu Liu Chan
47%
Liu Bei's wife who was going to be part of Zhou Yu's plan but the plant did not go well Wu Sun Shangxiang
47%
Made the plan for Lu Bu to kill Dong Zhuo None Wang Yun
47%
Yuan Shao's brother who really likes a jade stamp None Yuan Shu
47%
Old general, fought Guan Yu and went to Liu Bei Shu Huang Zhong
45%
Didn't listen to Zhuge Liang and got executed Shu Ma Su
45%
Leader of Shu after Zhuge Liang died, killed himself at the end Shu Jiang Wei
43%
Ruler of Jingzhou before Cao Cao took over None Liu Biao
43%
The new emperor of Jin dynasty Wei/Jin Sima Yan
43%
Very smart but Zhuge Liang was smarter, got shot with a poison arrow Wu Zhou Yu
43%
Zhuge Liang's older brother Wu Zhuge Jin
43%
Cao Cao's original advisor, died after the battle of Guandu Wei Guo Jia
42%
City where Lu Bu got flooded and died Xiapi
42%
Meng Huo's wife, good at fighting Nanman Zhu Rong
42%
Yuan Shao's first general, killed by Guan Yu Yuan Shao Yan Liang
40%
Not good at commanding the army, died after fighting at Guandu None Yuan Shao
40%
Where Zhao Yun is from Changshan
38%
Yuan Shao's second general, killed by Guan Yu Yuan Shao Wen Chou
38%
Originally worked for Lu Bu, Cao Cao took him when Lu Bu got executed Wei Zhang Liao
38%
Location of the baby saving Changbanpo
37%
Left Cao Cao after the pig incident Lu Bu Chen Gong
37%
Sun Quan's advisor, wants to surrender to Cao Cao Wu Zhang Zhao
37%
Dong Zhuo's advisor Dong Zhuo Li Ru
35%
Rolled down a hill and kung fu fighting with Sun Ce Wu Taishi Ci
35%
Jealous of Deng Ai and went to help Jiang Wei Wei/Shu Zhong Hui
35%
Bandit who lived on a mountain until Guan Yu took him to be his helper Shu Zhou Cang
35%
Wrote a poem in seven steps about his brother and beans Wei Cao Zhi
33%
Ruled over Xichuan and surrendered to Liu Bei None/Shu Liu Zhang
33%
Bought a coffin to battle Wei Pang De
33%
From Jingzhou, trained the water soldiers but Cao Cao executed him from false information Wei Cai Mao
32%
His soldiers got drowned and he surrendered to Guan Yu Wei Yu Jin
32%
Cao Cao's smartest son who weighs elephants Wei Cao Chong
30%
Conquered Shu at the end Wei Deng Ai
30%
Everyone wants this place Jingzhou
30%
A general whose father got killed by Gan Ning Wu Ling Tong
30%
Sima Yi's first son who died early Wei Sima Shi
30%
Guan Yu's son, killed the person who killed his father Shu Guan Xing
28%
Where Ma Su messed up the plan Jieting
28%
Killed Wei Yan and that's basically all he did Shu Ma Dai
28%
Part of an important family in Wei but surrendered to Shu when Sima Yi took over Shu Xiahou Ba
28%
Used to work for Yuan Shao but went to Cao Cao when Yuan Shao was going to kill him Wei Zhang He
28%
Lu Bu took over this place from Liu Bei after Zhang Fei got drunk Xuzhou
27%
Took off his clothes to fight Ma Chao Wei Xu Chu
25%
Was going to fight Liu Bei but Lu Bu shot an arrow through the weapon so he had to go home Yuan Shao Ji Ling
23%
Old guy with a funny name, fought Zhang Fei and then surrendered Shu Yan Yan
23%
Liu Bei's horse Shu Di Lu
22%
Zhou Yu's friend who Zhou Yu tricked when he was trying to get information Wei Jiang Gan
22%
Zhuge Liang's younger brother who Liu Bei met the second time he visited Shu Zhuge Jun
20%
His uncle's wife got took by Cao Cao None Zhang Xiu
18%
Beat Guan Yu at Fancheng, was in the Yellow Turbans before Wei Xu Huang
17%
Where Pang Tong died Luofengpo
15%
Where Guan Yu died Maicheng
15%
Convinced Lu Bu to join Dong Zhuo but later he planned to kill Dong Zhuo Dong Zhuo Li Su
13%
Originally was in Tongguan and went to Liu Bei after Cao Cao was defeating him Shu Ma Chao
13%
Did not believe in Zhou Yu so he did not come to the meeting, later he respected Zhou Yu Wu Cheng Pu
12%
Did not want to drink wine and got beat up Shu Cao Bao
10%
Where Zhuge Liang lived before he came out Wolong
10%
Told Cao Cao that Huang Gai was going to surrender Wu Kan Ze
8%
Tried to clean up Ma Su's mess Shu Wang Ping
8%
Has a bunch of animals for fighting but Zhuge Liang defeated them Nanman Mulu
7%
Helped Guan Yu escape from the fire and then he was executed Wei Hu Ban
5%
Zhang Fei's wife and Xiahou Yuan's niece Shu Xiahou Juan
5%
Told Cao Cao that his poem was unlucky and it ended badly Wei Liu Fu
2%
No matching quizzes found
Score Distribution
Percent of People with Each Score
Percentile by Number Answered
Your Score History
You have not taken this quiz since the last reset